000 00749nam a2200241Ia 4500
003 OSt
005 20220926021146.0
006 a|||||r|||| 00| 0
007 ta
008 220923b |||||||| |||| 00| 0 eng d
037 _cGeneral Book
040 _aRTL
_cRTL
_beng
041 _2eng
_aeng
082 _aX:54.1N45.N92s, N2.43/UN
110 _aUNITED NATIONS, (Statistical office of-).
_9325647
245 0 _aCommodity trade statistics 1993.
260 _aNew York
_bU.N.
_c1994
300 _a320p.
_ccm.
490 _vVol.43, No.1-7
_aStatistical papers series-D.
700 _aUNITED NATIONS, (Statistical office of-).
_9325648
942 _hX:54.1N45.N92s, N2.43/UN
_cGB
_2CC
999 _c635991
_d635991